000 00570nam a2200193 i 4500
001 88995
003 ES-MaACL
005 20251118191452.0
007 t|
008 050121s2003 sp ||||1| spa d
020 _a84-96062-20-1
080 _a929 Burgo, Jaime del
245 0 0 _aJaime del Burgo
_b: una vida al servicio de la cultura.
260 _aMadrid :
_bEdiciones Académicas,
_c[2003]
300 _a294 p., [16] p. de lám. ;
_c24 cm.
600 1 4 _aBurgo, Jaime del,
_d1912-2005
_932641
852 _aES-MaACL
_jL-28615
_bR.135079
999 _c88995
_d88995